Humic substances : versatile components of plants, soil and water
Αποθηκεύτηκε σε:
| Συλλογικό Έργο: | , |
|---|---|
| Άλλοι συγγραφείς: | , |
| Μορφή: | Πρακτικό Συνεδρίου Βιβλίο |
| Γλώσσα: | English |
| Δημοσίευση: |
Cambridge, UK :
Royal Society of Chemistry,
2000
|
| Σειρά: | Special publication (Royal Society of Chemistry (Great Britain))
; 259 |
| Θέματα: | |
| Ετικέτες: |
Προσθήκη ετικέτας
Δεν υπάρχουν, Καταχωρήστε ετικέτα πρώτοι!
|
MARC
| LEADER | 00000cam a2200000 i 4500 | ||
|---|---|---|---|
| 001 | 1/103295 | ||
| 008 | 090326s2000 eng d | ||
| 020 | |a 0-85404-855-3 | ||
| 035 | |l 10103991 | ||
| 040 | |a GR-MY-UA |b gre |e aacr | ||
| 041 | 0 | |a eng | |
| 082 | 0 | |a 631.417 |2 (22) | |
| 245 | 1 | 0 | |a Humic substances : |b versatile components of plants, soil and water / |c edited by Elham A. Ghabbour, Geoffrey Davies |
| 260 | |a Cambridge, UK : |b Royal Society of Chemistry, |c 2000 | ||
| 300 | |a 341 σ.; |b εικ.; |c 24 εκ. | ||
| 490 | 1 | |a Special publication |v ; 259 | |
| 500 | |a Βασισμένο στα πρακτικά του 4ου Χουμικού Σεμιναρίου Ουσιών που διοργανώθηκε στις 22-24 Μαρτίου 2000 στο Βορειοανατολικό Πανεπιστήμιο, Βοστώνη, Μασαχουσέτη | ||
| 504 | |a Περιέχει βιβλιογραφικές παραπομπές και ευρετήριο | ||
| 650 | 0 | 0 | |a Humus |x Congresses. |
| 650 | 0 | 0 | |a Humic acid |x Congresses. |
| 700 | 1 | |a Davies, Geoffrey. |4 edt | |
| 700 | 1 | |a Ghabbour, Elham A. |4 edt | |
| 710 | 2 | |a Royal Society of Chemistry (Great Britain) | |
| 711 | 2 | |a Humic Substances Seminar |n (4th : |d 2000 : |c Northeastern University, Boston, Mass.) | |
| 830 | 0 | |a Special publication (Royal Society of Chemistry (Great Britain)) |v ; 259 | |
| 852 | |a INST |b LESVOS |e 20090326 |h 631.417 HUM |p 005100044630 |q 005100044630 |t BK |y 0 | ||
| 901 | |a BIBL1-2009-1 | ||
| 909 | |a Λ |b 154067 | ||
| 922 | |a 1ΕΛΗ |b 200809 |c ΕΠΕΑΕΚ2/ΤΠ |d ΜΙΧΑΛΟΠΟΥΛΟΣ | ||
| 970 | |a ΚΑΡΑ |b ΓΙΑΣΕΜΗ |z 2009/03/26 | ||